| 000 | 00936nam a2200253 a 4500 | ||
|---|---|---|---|
| 001 | BRL_412 | ||
| 005 | 20190320210730.0 | ||
| 008 | 070813d19041947u--a######---#000-0#eng-# | ||
| 041 | _aeng | ||
| 044 | _au | ||
| 050 | 4 |
_aE51 _b.P43 1904-1947 |
|
| 245 | 1 | 0 | _aPeabody Museum of American Archaeology and Ethnology, Harvard University |
| 260 |
_aCambridge, Massachusetts _bMuseum of American Archaeology and Ethnology _c1904-1947 |
||
| 300 |
_av. _bil. _c28 cm. |
||
| 500 | _av.4 Au451, v.10 Au210, v.10 ej.2 2372, v.27 Au422 | ||
| 500 | _aLa bibloteca cuenta solo con los volumenes 4,10,27. | ||
| 500 | _aEstado físico: encuadernado, enero 2013 | ||
| 505 | 0 | _aContenido: v.4 Papers - v.10 Indian tribes of eastern Peru / by William Curtis Farabee - v.27 Papers. | |
| 650 | 1 | 4 |
_aArqueología _zAmérica _923840 |
| 650 | 1 | 4 |
_aEtnología _zAmérica _923841 |
| 651 | 4 |
_aAmérica _xAntigüedades _99854 |
|
| 902 | _aGRL | ||
| 942 |
_2lcc _cB |
||
| 999 |
_c9225 _d9225 |
||